[Event "Masters"]
[Site "Heerlen and Maastricht, NL"]
[Date "2025.06.08"]
[Round "8"]
[White "De Boer, Eelke"]
[Black "Fier, Alexandr"]
[Result "1-0"]
[Board "2"]
[WhiteFideId "1048120"]
[BlackFideId "2107139"]
[WhiteTitle "IM"]
[BlackTitle "GM"]
[WhiteElo "2409"]
[BlackElo "2556"]
[WhiteTeam "NED"]
[BlackTeam "BRA"]
[WhiteClock "0:00:57"]
[BlackClock "0:39:54"]
[Variant "Standard"]

1. e4 {[%clk 1:30:04]}  c5 {[%clk 1:30:56]} 2. Nf3 {[%clk 1:30:27]}  Nc6 {[%clk 1:31:24]} 3. Bb5 {[%clk 1:30:47]}  g6 {[%clk 1:31:51]} 4. O-O {[%clk 1:31:06]}  Bg7 {[%clk 1:32:19]} 5. Bxc6 {[%clk 1:31:19]}  dxc6 {[%clk 1:32:45]} 6. d3 {[%clk 1:31:37]}  Nf6 {[%clk 1:33:12]} 7. a4 {[%clk 1:31:57]}  O-O {[%clk 1:31:54]} 8. a5 {[%clk 1:29:43]}  c4 {[%clk 1:31:28]} 9. h3 {[%clk 1:26:44]}  cxd3 {[%clk 1:31:43]} 10. cxd3 {[%clk 1:27:12]}  e5 {[%clk 1:30:34]} 11. Nc3 {[%clk 1:24:26]}  Qe7 {[%clk 1:30:53]} 12. Be3 {[%clk 1:24:25]}  Rd8 {[%clk 1:31:16]} 13. Qc2 {[%clk 1:22:39]}  Ne8 {[%clk 1:31:38]} 14. Bg5 {[%clk 1:13:32]}  Bf6 {[%clk 1:31:55]} 15. Bxf6 {[%clk 1:13:16]}  Qxf6 {[%clk 1:32:20]} 16. Qe2 {[%clk 1:07:45]}  Nc7 {[%clk 1:32:42]} 17. Qe3 {[%clk 1:07:53]}  Ne6 {[%clk 1:32:28]} 18. Ne2 {[%clk 1:08:00]}  c5 {[%clk 1:25:57]} 19. b4 {[%clk 1:02:06]}  Nd4 {[%clk 1:26:19]} 20. Nfxd4 {[%clk 0:39:27]}  cxd4 {[%clk 1:26:39]} 21. Qc1 {[%clk 0:39:33]}  Bd7 {[%clk 1:25:26]} 22. f4 {[%clk 0:35:09]}  Rac8 {[%clk 1:25:34]} 23. Qd2 {[%clk 0:33:34]}  Bb5 {[%clk 1:23:37]} 24. fxe5 {[%clk 0:29:33]}  Qxe5 {[%clk 1:24:02]} 25. Nf4 {[%clk 0:29:53]}  Kg7 {[%clk 1:14:07]} 26. Rf3 {[%clk 0:24:38]}  Rf8 {[%clk 1:11:43]} 27. Raf1 {[%clk 0:21:45]}  Bc6 {[%clk 1:12:06]} 28. Rg3 {[%clk 0:18:58]}  f5 {[%clk 1:04:08]} 29. Rg5 {[%clk 0:15:51]}  Ba4 {[%clk 0:58:52]} 30. Qf2 {[%clk 0:13:18]}  Bd7 {[%clk 0:57:13]} 31. h4 {[%clk 0:10:25]}  Qd6 {[%clk 0:51:32]} 32. Qg3 {[%clk 0:10:10]}  Qe7 {[%clk 0:49:23]} 33. h5 {[%clk 0:08:58]}  fxe4 {[%clk 0:49:35]} 34. hxg6 {[%clk 0:06:20]}  h6 {[%clk 0:50:03]} 35. Rh5 {[%clk 0:04:57]}  exd3 {[%clk 0:47:36]} 36. Rd5 {[%clk 0:02:34]}  d2 {[%clk 0:46:04]} 37. Rxd4 {[%clk 0:01:14]}  Rc1 {[%clk 0:45:07]} 38. Rxd2 {[%clk 0:00:59]}  Rxf1+ {[%clk 0:43:49]} 39. Kxf1 {[%clk 0:01:27]}  Bb5+ {[%clk 0:44:14]} 40. Kg1 {[%clk 0:01:40]}  Qxb4 {[%clk 0:44:41]} 41. Ne6+ {[%clk 0:00:43]}  Kg8 {[%clk 0:45:08]} 42. Rd4 {[%clk 0:00:48]}  Qb1+ {[%clk 0:44:06]} 43. Kh2 {[%clk 0:01:16]}  Re8 {[%clk 0:44:31]} 44. Qf3 {[%clk 0:01:11]}  Qf1 {[%clk 0:39:54]} 45. Qxb7 {[%clk 0:00:57]} 1-0

[Event "Masters"]
[Site "Heerlen and Maastricht, NL"]
[Date "2025.06.08"]
[Round "8"]
[White "De Winter, Arthur"]
[Black "Van Meegen, Ruud"]
[Result "1/2-1/2"]
[Board "3"]
[WhiteFideId "1069020"]
[BlackFideId "1034995"]
[WhiteTitle "IM"]
[BlackTitle "FM"]
[WhiteElo "2460"]
[BlackElo "2317"]
[WhiteTeam "NED"]
[BlackTeam "NED"]
[WhiteClock "0:02:46"]
[BlackClock "0:00:37"]
[Variant "Standard"]

1. e4 {[%clk 1:30:57]}  c6 {[%clk 1:30:56]} 2. d4 {[%clk 1:31:24]}  d5 {[%clk 1:31:21]} 3. exd5 {[%clk 1:31:51]}  cxd5 {[%clk 1:31:46]} 4. Nf3 {[%clk 1:32:18]}  Nf6 {[%clk 1:30:10]} 5. Ne5 {[%clk 1:32:24]}  g6 {[%clk 1:30:12]} 6. c3 {[%clk 1:27:14]}  Bg7 {[%clk 1:30:19]} 7. Bd3 {[%clk 1:26:23]}  O-O {[%clk 1:27:12]} 8. O-O {[%clk 1:26:11]}  Nc6 {[%clk 1:22:52]} 9. Re1 {[%clk 1:24:37]}  Bf5 {[%clk 1:16:28]} 10. Bxf5 {[%clk 1:22:34]}  gxf5 {[%clk 1:16:16]} 11. Qf3 {[%clk 1:15:02]}  e6 {[%clk 1:16:37]} 12. Bg5 {[%clk 1:13:35]}  h6 {[%clk 1:05:30]} 13. Bxf6 {[%clk 1:08:38]}  Bxf6 {[%clk 1:05:25]} 14. Nd3 {[%clk 1:05:38]}  Kh7 {[%clk 1:03:54]} 15. Nd2 {[%clk 1:05:28]}  Bg5 {[%clk 1:00:31]} 16. Nf1 {[%clk 1:05:31]}  Rg8 {[%clk 0:57:51]} 17. Ng3 {[%clk 1:03:46]}  Rg6 {[%clk 0:57:23]} 18. Kh1 {[%clk 0:58:15]}  Qd7 {[%clk 0:47:46]} 19. Nh5 {[%clk 0:55:36]}  Rf8 {[%clk 0:36:40]} 20. Re2 {[%clk 0:45:50]}  Qd8 {[%clk 0:35:32]} 21. Rg1 {[%clk 0:40:48]}  Be7 {[%clk 0:33:46]} 22. Ndf4 {[%clk 0:36:57]}  Rg5 {[%clk 0:30:53]} 23. Rge1 {[%clk 0:35:33]}  Bd6 {[%clk 0:24:11]} 24. g3 {[%clk 0:33:48]}  Bxf4 {[%clk 0:21:51]} 25. Nxf4 {[%clk 0:34:16]}  Rgg8 {[%clk 0:21:45]} 26. Rd1 {[%clk 0:25:54]}  Qd6 {[%clk 0:17:39]} 27. Ree1 {[%clk 0:19:29]}  Rb8 {[%clk 0:16:33]} 28. Nh5 {[%clk 0:13:51]}  Rg6 {[%clk 0:11:37]} 29. c4 {[%clk 0:08:02]}  Rd8 {[%clk 0:09:08]} 30. Nf4 {[%clk 0:07:57]}  dxc4 {[%clk 0:05:48]} 31. Nxg6 {[%clk 0:07:14]}  fxg6 {[%clk 0:03:22]} 32. Kg1 {[%clk 0:04:26]}  b5 {[%clk 0:03:30]} 33. d5 {[%clk 0:02:12]}  exd5 {[%clk 0:03:49]} 34. b3 {[%clk 0:02:40]}  Kg7 {[%clk 0:01:45]} 35. a4 {[%clk 0:02:40]}  a6 {[%clk 0:02:00]} 36. axb5 {[%clk 0:02:49]}  axb5 {[%clk 0:02:27]} 37. Ra1 {[%clk 0:03:06]}  d4 {[%clk 0:01:59]} 38. bxc4 {[%clk 0:02:20]}  bxc4 {[%clk 0:02:25]} 39. Ra6 {[%clk 0:01:32]}  Rc8 {[%clk 0:02:16]} 40. g4 {[%clk 0:01:45]}  Qd7 {[%clk 0:01:13]} 41. gxf5 {[%clk 0:01:12]}  Qxf5 {[%clk 0:01:20]} 42. Qe2 {[%clk 0:01:02]}  c3 {[%clk 0:00:57]} 43. Qc4 {[%clk 0:00:38]}  Qg4+ {[%clk 0:00:50]} 44. Kf1 {[%clk 0:01:02]}  Qh3+ {[%clk 0:01:12]} 45. Kg1 {[%clk 0:01:28]}  Qg4+ {[%clk 0:01:26]} 46. Kf1 {[%clk 0:01:53]}  Qh3+ {[%clk 0:01:53]} 47. Kg1 {[%clk 0:02:20]}  Qg4+ {[%clk 0:00:37]} 48. Kf1 {[%clk 0:02:46]}  Qh3+ {[%clk 0:00:37]} 1/2-1/2

[Event "Masters"]
[Site "Heerlen and Maastricht, NL"]
[Date "2025.06.08"]
[Round "8"]
[White "Schoppen, Casper"]
[Black "Zelbel, Patrick"]
[Result "1/2-1/2"]
[Board "4"]
[WhiteFideId "1046730"]
[BlackFideId "24624322"]
[WhiteTitle "GM"]
[BlackTitle "IM"]
[WhiteElo "2535"]
[BlackElo "2488"]
[WhiteTeam "NED"]
[BlackTeam "GER"]
[WhiteClock "1:01:20"]
[BlackClock "1:07:00"]
[Variant "Standard"]

1. e4 {[%clk 1:24:57]}  c5 {[%clk 1:31:25]} 2. Nf3 {[%clk 1:25:21]}  d6 {[%clk 1:30:29]} 3. d4 {[%clk 1:24:56]}  cxd4 {[%clk 1:30:55]} 4. Nxd4 {[%clk 1:25:20]}  Nf6 {[%clk 1:31:22]} 5. Nc3 {[%clk 1:25:43]}  a6 {[%clk 1:31:29]} 6. g3 {[%clk 1:23:27]}  e5 {[%clk 1:30:06]} 7. Nb3 {[%clk 1:22:41]}  Be7 {[%clk 1:28:59]} 8. Bg2 {[%clk 1:22:40]}  O-O {[%clk 1:27:58]} 9. O-O {[%clk 1:22:57]}  Be6 {[%clk 1:27:43]} 10. a4 {[%clk 1:22:32]}  Nbd7 {[%clk 1:27:27]} 11. Re1 {[%clk 1:22:49]}  Qc7 {[%clk 1:26:37]} 12. Nd2 {[%clk 1:22:10]}  Qc5 {[%clk 1:26:24]} 13. Nf1 {[%clk 1:21:57]}  Bd8 {[%clk 1:26:34]} 14. Ne3 {[%clk 1:20:48]}  Ba5 {[%clk 1:26:42]} 15. Bd2 {[%clk 1:21:10]}  h5 {[%clk 1:24:07]} 16. Ncd5 {[%clk 1:16:03]}  Bxd5 {[%clk 1:22:56]} 17. exd5 {[%clk 1:16:18]}  Bxd2 {[%clk 1:23:20]} 18. Qxd2 {[%clk 1:16:44]}  a5 {[%clk 1:21:39]} 19. c3 {[%clk 1:15:13]}  g6 {[%clk 1:16:02]} 20. Qd3 {[%clk 1:07:51]}  Rac8 {[%clk 1:08:03]} 21. Bh3 {[%clk 1:01:20]}  Rc7 {[%clk 1:07:00]} 1/2-1/2

[Event "Masters"]
[Site "Heerlen and Maastricht, NL"]
[Date "2025.06.09"]
[Round "9"]
[White "Grutter, Tim"]
[Black "Braun, Christian"]
[Result "1/2-1/2"]
[Board "1"]
[WhiteFideId "1057472"]
[BlackFideId "4692098"]
[WhiteTitle "IM"]
[BlackTitle "IM"]
[WhiteElo "2404"]
[BlackElo "2390"]
[WhiteTeam "NED"]
[BlackTeam "GER"]
[WhiteClock "0:03:59"]
[BlackClock "0:21:06"]
[Variant "Standard"]

1. e4 {[%clk 1:30:56]}  e6 {[%clk 1:30:26]} 2. d4 {[%clk 1:31:20]}  d5 {[%clk 1:30:50]} 3. Nd2 {[%clk 1:31:43]}  Nc6 {[%clk 1:31:14]} 4. Ngf3 {[%clk 1:31:51]}  Nf6 {[%clk 1:31:37]} 5. e5 {[%clk 1:32:16]}  Nd7 {[%clk 1:32:02]} 6. Nb3 {[%clk 1:32:40]}  a5 {[%clk 1:32:27]} 7. a4 {[%clk 1:32:56]}  b6 {[%clk 1:32:52]} 8. Bf4 {[%clk 1:32:46]}  Be7 {[%clk 1:33:01]} 9. h4 {[%clk 1:32:40]}  Ba6 {[%clk 1:33:13]} 10. Bxa6 {[%clk 1:32:56]}  Rxa6 {[%clk 1:33:37]} 11. Rh3 {[%clk 1:31:43]}  h6 {[%clk 1:33:55]} 12. c3 {[%clk 1:27:59]}  Bf8 {[%clk 1:29:41]} 13. h5 {[%clk 1:23:21]}  Ne7 {[%clk 1:29:32]} 14. Nh4 {[%clk 1:20:26]}  c5 {[%clk 1:29:10]} 15. Qg4 {[%clk 1:17:46]}  Qc8 {[%clk 1:28:40]} 16. Rf3 {[%clk 1:10:14]}  Rg8 {[%clk 1:24:05]} 17. Bd2 {[%clk 1:05:20]}  g5 {[%clk 1:20:29]} 18. hxg6 {[%clk 1:02:41]}  Nxg6 {[%clk 1:20:48]} 19. Nxg6 {[%clk 0:58:34]}  Rxg6 {[%clk 1:21:11]} 20. Qf4 {[%clk 0:57:26]}  Rg7 {[%clk 1:21:08]} 21. Nc1 {[%clk 0:51:33]}  Qd8 {[%clk 1:18:45]} 22. Qh2 {[%clk 0:42:15]}  Rg4 {[%clk 1:16:42]} 23. Qh5 {[%clk 0:41:11]}  Re4+ {[%clk 1:12:31]} 24. Ne2 {[%clk 0:35:06]}  Qe7 {[%clk 1:12:12]} 25. Rf4 {[%clk 0:34:16]}  Rxf4 {[%clk 1:09:04]} 26. Bxf4 {[%clk 0:34:14]}  Nb8 {[%clk 1:05:03]} 27. Bxh6 {[%clk 0:31:27]}  Bxh6 {[%clk 1:05:26]} 28. Qxh6 {[%clk 0:31:54]}  Nc6 {[%clk 1:05:47]} 29. Qe3 {[%clk 0:30:43]}  Kd7 {[%clk 1:05:58]} 30. Kd2 {[%clk 0:30:40]}  Ra8 {[%clk 1:05:23]} 31. Rh1 {[%clk 0:30:18]}  cxd4 {[%clk 1:04:05]} 32. Nxd4 {[%clk 0:29:03]}  Nxd4 {[%clk 1:04:08]} 33. Qxd4 {[%clk 0:27:17]}  Qg5+ {[%clk 1:03:15]} 34. Kc2 {[%clk 0:23:20]}  Kc6 {[%clk 1:02:48]} 35. g3 {[%clk 0:22:21]}  Rc8 {[%clk 1:02:27]} 36. Rh4 {[%clk 0:18:39]}  Kb7 {[%clk 1:01:50]} 37. Rf4 {[%clk 0:18:38]}  Rc7 {[%clk 1:02:09]} 38. Qe3 {[%clk 0:16:22]}  Qg6+ {[%clk 1:00:41]} 39. Kc1 {[%clk 0:16:22]}  Qh5 {[%clk 0:58:57]} 40. g4 {[%clk 0:12:26]}  Qh1+ {[%clk 0:58:53]} 41. Kc2 {[%clk 0:12:55]}  Qh7+ {[%clk 0:57:59]} 42. Qd3 {[%clk 0:12:59]}  Qg7 {[%clk 0:58:20]} 43. Qf3 {[%clk 0:12:40]}  Ka6 {[%clk 0:54:02]} 44. Rf6 {[%clk 0:11:43]}  Qg5 {[%clk 0:53:06]} 45. Qe2+ {[%clk 0:10:53]}  Kb7 {[%clk 0:53:14]} 46. f4 {[%clk 0:11:12]}  Qh4 {[%clk 0:52:21]} 47. Kb3 {[%clk 0:11:10]}  Qh1 {[%clk 0:52:01]} 48. Ka2 {[%clk 0:09:30]}  d4 {[%clk 0:51:48]} 49. c4 {[%clk 0:06:39]}  Qc6 {[%clk 0:48:32]} 50. Qc2 {[%clk 0:03:31]}  Rd7 {[%clk 0:48:13]} 51. b3 {[%clk 0:03:09]}  d3 {[%clk 0:48:23]} 52. Qd2 {[%clk 0:03:30]}  Qe4 {[%clk 0:47:54]} 53. Rh6 {[%clk 0:03:26]}  Rd4 {[%clk 0:44:33]} 54. Rh3 {[%clk 0:03:03]}  Qe2 {[%clk 0:32:36]} 55. Qxe2 {[%clk 0:02:58]}  dxe2 {[%clk 0:32:59]} 56. Re3 {[%clk 0:03:27]}  Rxf4 {[%clk 0:31:52]} 57. Rxe2 {[%clk 0:03:49]}  Rxg4 {[%clk 0:32:15]} 58. Rf2 {[%clk 0:04:07]}  Rg7 {[%clk 0:32:24]} 59. Kb2 {[%clk 0:03:25]}  Kc6 {[%clk 0:32:41]} 60. Kc3 {[%clk 0:03:49]}  Kc5 {[%clk 0:33:03]} 61. Rf3 {[%clk 0:03:57]}  Rh7 {[%clk 0:33:31]} 62. Re3 {[%clk 0:01:07]}  Rh5 {[%clk 0:31:10]} 63. Rf3 {[%clk 0:01:37]}  Rxe5 {[%clk 0:24:42]} 64. Rxf7 {[%clk 0:02:01]}  Re3+ {[%clk 0:25:05]} 65. Kc2 {[%clk 0:02:28]}  e5 {[%clk 0:23:52]} 66. Rf6 {[%clk 0:02:28]}  Rh3 {[%clk 0:21:35]} 67. Re6 {[%clk 0:02:40]}  Rh5 {[%clk 0:20:41]} 68. Kc3 {[%clk 0:03:00]}  Rg5 {[%clk 0:20:50]} 69. Kc2 {[%clk 0:03:08]}  Rg2+ {[%clk 0:20:20]} 70. Kc3 {[%clk 0:03:32]}  Rg3+ {[%clk 0:20:44]} 71. Kc2 {[%clk 0:03:59]}  Rg2+ {[%clk 0:21:06]} 1/2-1/2

[Event "Masters"]
[Site "Heerlen and Maastricht, NL"]
[Date "2025.06.09"]
[Round "9"]
[White "Zelbel, Patrick"]
[Black "Beukema, Stefan"]
[Result "1-0"]
[Board "2"]
[WhiteFideId "24624322"]
[BlackFideId "1024523"]
[WhiteTitle "IM"]
[BlackTitle "IM"]
[WhiteElo "2488"]
[BlackElo "2423"]
[WhiteTeam "GER"]
[BlackTeam "BEL"]
[WhiteClock "0:20:21"]
[BlackClock "0:41:58"]
[Variant "Standard"]

1. e4 {[%clk 1:30:58]}  e5 {[%clk 1:30:55]} 2. Nf3 {[%clk 1:31:23]}  Nc6 {[%clk 1:31:21]} 3. Bb5 {[%clk 1:31:18]}  a6 {[%clk 1:31:30]} 4. Ba4 {[%clk 1:31:45]}  Nf6 {[%clk 1:31:55]} 5. O-O {[%clk 1:31:36]}  d6 {[%clk 1:32:13]} 6. c4 {[%clk 1:30:31]}  Bg4 {[%clk 1:31:40]} 7. d3 {[%clk 1:30:10]}  Nd7 {[%clk 1:26:31]} 8. Be3 {[%clk 1:28:46]}  Qf6 {[%clk 1:24:38]} 9. Nbd2 {[%clk 1:09:08]}  Nc5 {[%clk 1:24:52]} 10. Bxc6+ {[%clk 1:04:21]}  bxc6 {[%clk 1:24:53]} 11. h3 {[%clk 0:56:33]}  h5 {[%clk 1:15:32]} 12. Bxc5 {[%clk 0:50:52]}  dxc5 {[%clk 1:15:15]} 13. Re1 {[%clk 0:45:01]}  Qh6 {[%clk 1:03:58]} 14. Kf1 {[%clk 0:39:06]}  Bxf3 {[%clk 0:50:51]} 15. Nxf3 {[%clk 0:39:17]}  Bd6 {[%clk 0:51:16]} 16. Qa4 {[%clk 0:38:24]}  Kd7 {[%clk 0:50:03]} 17. d4 {[%clk 0:30:07]}  cxd4 {[%clk 0:47:08]} 18. c5 {[%clk 0:29:51]}  g5 {[%clk 0:43:10]} 19. cxd6 {[%clk 0:29:26]}  cxd6 {[%clk 0:43:34]} 20. Qb3 {[%clk 0:28:03]}  Qf6 {[%clk 0:42:18]} 21. Qb7+ {[%clk 0:24:25]}  Ke6 {[%clk 0:42:42]} 22. Qxc6 {[%clk 0:24:16]}  g4 {[%clk 0:43:08]} 23. Qd5+ {[%clk 0:23:16]}  Kd7 {[%clk 0:41:58]} 24. Nxd4 {[%clk 0:20:21]} 1-0

[Event "Masters"]
[Site "Heerlen and Maastricht, NL"]
[Date "2025.06.09"]
[Round "9"]
[White "Van Meegen, Ruud"]
[Black "Schoppen, Casper"]
[Result "1/2-1/2"]
[Board "3"]
[WhiteFideId "1034995"]
[BlackFideId "1046730"]
[WhiteTitle "FM"]
[BlackTitle "GM"]
[WhiteElo "2317"]
[BlackElo "2535"]
[WhiteTeam "NED"]
[BlackTeam "NED"]
[WhiteClock "0:16:44"]
[BlackClock "0:07:09"]
[Variant "Standard"]

1. Nf3 {[%clk 1:30:57]}  Nf6 {[%clk 1:30:22]} 2. c4 {[%clk 1:31:16]}  g6 {[%clk 1:30:08]} 3. Nc3 {[%clk 1:31:33]}  Bg7 {[%clk 1:30:21]} 4. e4 {[%clk 1:31:52]}  d6 {[%clk 1:30:30]} 5. d4 {[%clk 1:32:11]}  O-O {[%clk 1:30:54]} 6. Be2 {[%clk 1:32:34]}  e5 {[%clk 1:31:19]} 7. d5 {[%clk 1:32:17]}  a5 {[%clk 1:30:40]} 8. h3 {[%clk 1:32:29]}  Na6 {[%clk 1:30:01]} 9. g4 {[%clk 1:32:21]}  Nc5 {[%clk 1:23:36]} 10. Qc2 {[%clk 1:32:43]}  Bd7 {[%clk 1:21:45]} 11. Be3 {[%clk 1:32:08]}  Ne8 {[%clk 1:21:45]} 12. Rg1 {[%clk 1:17:20]}  c6 {[%clk 1:17:25]} 13. Nd2 {[%clk 1:16:33]}  Nc7 {[%clk 1:06:39]} 14. O-O-O {[%clk 0:49:19]}  cxd5 {[%clk 1:00:13]} 15. exd5 {[%clk 0:48:56]}  f5 {[%clk 0:57:02]} 16. f3 {[%clk 0:47:37]}  N7a6 {[%clk 0:56:09]} 17. a3 {[%clk 0:47:44]}  Qe7 {[%clk 0:44:45]} 18. gxf5 {[%clk 0:44:31]}  Bxf5 {[%clk 0:44:20]} 19. Nde4 {[%clk 0:44:52]}  Qh4 {[%clk 0:43:00]} 20. Kb1 {[%clk 0:30:28]}  Bh6 {[%clk 0:39:28]} 21. Bf2 {[%clk 0:30:20]}  Qxf2 {[%clk 0:25:04]} 22. Nxf2 {[%clk 0:30:42]}  Bxc2+ {[%clk 0:25:31]} 23. Kxc2 {[%clk 0:31:04]}  Be3 {[%clk 0:25:52]} 24. Rg2 {[%clk 0:30:17]}  Bxf2 {[%clk 0:26:14]} 25. Rxf2 {[%clk 0:30:42]}  a4 {[%clk 0:26:09]} 26. Rg2 {[%clk 0:28:54]}  Rf4 {[%clk 0:23:05]} 27. Rg4 {[%clk 0:28:07]}  Rxg4 {[%clk 0:23:26]} 28. fxg4 {[%clk 0:27:52]}  Nc7 {[%clk 0:23:25]} 29. Rf1 {[%clk 0:27:02]}  Kg7 {[%clk 0:23:40]} 30. h4 {[%clk 0:18:54]}  h6 {[%clk 0:20:15]} 31. Bd3 {[%clk 0:18:37]}  Re8 {[%clk 0:19:34]} 32. Kd2 {[%clk 0:16:20]}  Rb8 {[%clk 0:07:09]} 33. Rf2 {[%clk 0:16:44]} 1/2-1/2

[Event "Masters"]
[Site "Heerlen and Maastricht, NL"]
[Date "2025.06.09"]
[Round "9"]
[White "Fier, Alexandr"]
[Black "De Winter, Arthur"]
[Result "1/2-1/2"]
[Board "4"]
[WhiteFideId "2107139"]
[BlackFideId "1069020"]
[WhiteTitle "GM"]
[BlackTitle "IM"]
[WhiteElo "2556"]
[BlackElo "2460"]
[WhiteTeam "BRA"]
[BlackTeam "NED"]
[WhiteClock "1:05:43"]
[BlackClock "0:15:15"]
[Variant "Standard"]

1. c4 {[%clk 1:30:57]}  e6 {[%clk 1:30:54]} 2. d4 {[%clk 1:31:23]}  d5 {[%clk 1:31:19]} 3. Nf3 {[%clk 1:31:49]}  dxc4 {[%clk 1:31:16]} 4. e3 {[%clk 1:32:11]}  Nf6 {[%clk 1:31:41]} 5. Bxc4 {[%clk 1:32:37]}  c5 {[%clk 1:32:07]} 6. O-O {[%clk 1:32:59]}  a6 {[%clk 1:32:34]} 7. b3 {[%clk 1:33:00]}  cxd4 {[%clk 1:32:47]} 8. Nxd4 {[%clk 1:33:24]}  Bd7 {[%clk 1:33:15]} 9. Bb2 {[%clk 1:33:47]}  Nc6 {[%clk 1:33:20]} 10. Nd2 {[%clk 1:33:28]}  Be7 {[%clk 1:32:39]} 11. N2f3 {[%clk 1:33:52]}  O-O {[%clk 1:31:55]} 12. Be2 {[%clk 1:34:13]}  Rc8 {[%clk 1:31:46]} 13. Rc1 {[%clk 1:34:34]}  Nxd4 {[%clk 1:07:57]} 14. Qxd4 {[%clk 1:33:13]}  Bb5 {[%clk 1:00:32]} 15. Bxb5 {[%clk 1:20:34]}  axb5 {[%clk 1:00:19]} 16. Rxc8 {[%clk 1:18:50]}  Qxc8 {[%clk 1:00:45]} 17. Qd3 {[%clk 1:19:17]}  Qd7 {[%clk 0:56:41]} 18. Qxd7 {[%clk 1:17:36]}  Nxd7 {[%clk 0:57:09]} 19. Rc1 {[%clk 1:17:59]}  Nc5 {[%clk 0:54:34]} 20. Rc2 {[%clk 1:15:26]}  Ra8 {[%clk 0:51:40]} 21. Bd4 {[%clk 1:15:31]}  b6 {[%clk 0:50:15]} 22. g3 {[%clk 1:15:24]}  f6 {[%clk 0:50:32]} 23. Nd2 {[%clk 1:14:22]}  Nd3 {[%clk 0:44:24]} 24. Bxb6 {[%clk 1:12:23]}  Nb4 {[%clk 0:41:08]} 25. Rc7 {[%clk 1:12:49]}  Nd5 {[%clk 0:40:48]} 26. Rb7 {[%clk 1:13:15]}  Rxa2 {[%clk 0:41:02]} 27. Nf3 {[%clk 1:13:40]}  Ra6 {[%clk 0:25:53]} 28. Bd4 {[%clk 1:14:00]}  e5 {[%clk 0:25:55]} 29. e4 {[%clk 1:13:00]}  exd4 {[%clk 0:24:38]} 30. exd5 {[%clk 1:13:26]}  Bc5 {[%clk 0:23:20]} 31. Rc7 {[%clk 1:11:37]}  Bb6 {[%clk 0:21:57]} 32. Rc6 {[%clk 1:12:02]}  d3 {[%clk 0:19:20]} 33. Kg2 {[%clk 1:12:04]}  Kf7 {[%clk 0:19:41]} 34. Re6 {[%clk 1:12:20]}  g5 {[%clk 0:19:15]} 35. g4 {[%clk 1:11:04]}  b4 {[%clk 0:19:12]} 36. h4 {[%clk 1:10:55]}  gxh4 {[%clk 0:19:17]} 37. g5 {[%clk 1:11:17]}  fxg5 {[%clk 0:19:17]} 38. Nxg5+ {[%clk 1:07:22]}  Kg7 {[%clk 0:19:28]} 39. Ne4 {[%clk 1:07:49]}  Ra2 {[%clk 0:18:51]} 40. Rxb6 {[%clk 1:06:13]}  d2 {[%clk 0:19:17]} 41. Nxd2 {[%clk 1:06:40]}  Rxd2 {[%clk 0:19:44]} 42. Rxb4 {[%clk 1:07:08]}  h3+ {[%clk 0:18:47]} 43. Kg3 {[%clk 1:07:35]}  h2 {[%clk 0:18:42]} 44. Rh4 {[%clk 1:05:46]}  Rd3+ {[%clk 0:16:34]} 45. f3 {[%clk 1:05:27]}  Rxd5 {[%clk 0:14:30]} 46. b4 {[%clk 1:05:53]}  Rd4 {[%clk 0:14:49]} 47. Rxh2 {[%clk 1:05:43]}  Rxb4 {[%clk 0:15:15]} 1/2-1/2

[Event "Masters"]
[Site "Heerlen and Maastricht, NL"]
[Date "2025.06.09"]
[Round "9"]
[White "Vrolijk, Liam"]
[Black "De Boer, Eelke"]
[Result "1/2-1/2"]
[Board "5"]
[WhiteFideId "1048333"]
[BlackFideId "1048120"]
[WhiteTitle "GM"]
[BlackTitle "IM"]
[WhiteElo "2509"]
[BlackElo "2409"]
[WhiteTeam "NED"]
[BlackTeam "NED"]
[WhiteClock "0:50:42"]
[BlackClock "0:28:26"]
[Variant "Standard"]

1. d4 {[%clk 1:30:57]}  Nf6 {[%clk 1:30:53]} 2. c4 {[%clk 1:31:18]}  e6 {[%clk 1:31:16]} 3. g3 {[%clk 1:31:32]}  d5 {[%clk 1:31:37]} 4. Bg2 {[%clk 1:31:55]}  dxc4 {[%clk 1:31:53]} 5. Qa4+ {[%clk 1:32:12]}  Nbd7 {[%clk 1:28:14]} 6. Qxc4 {[%clk 1:29:06]}  c5 {[%clk 1:21:08]} 7. Nf3 {[%clk 1:28:12]}  a6 {[%clk 1:20:35]} 8. Qb3 {[%clk 1:25:57]}  cxd4 {[%clk 1:02:35]} 9. Nxd4 {[%clk 1:25:55]}  Bc5 {[%clk 1:02:55]} 10. Nc2 {[%clk 1:25:21]}  O-O {[%clk 0:58:04]} 11. O-O {[%clk 1:23:37]}  Rb8 {[%clk 0:54:11]} 12. Bf4 {[%clk 1:12:23]}  e5 {[%clk 0:54:15]} 13. Be3 {[%clk 1:12:48]}  b5 {[%clk 0:52:53]} 14. Nb4 {[%clk 1:05:07]}  Qb6 {[%clk 0:43:53]} 15. Bxc5 {[%clk 0:57:18]}  Nxc5 {[%clk 0:43:56]} 16. Qe3 {[%clk 0:54:42]}  Bb7 {[%clk 0:34:07]} 17. Bxb7 {[%clk 0:51:28]}  Rxb7 {[%clk 0:34:32]} 18. Nc3 {[%clk 0:50:42]}  Na4 {[%clk 0:28:26]} 1/2-1/2